Reauthorization of the National Historical Publications and Records Commission : hearing before the Subcommittee on Government Efficiency, Federalism, and the District of Columbia of the Committee on Governmental Affairs, United States Senate, One Hundredth Congress, first session on S. 1856 ... December 15, 1987.

Bibliographic Details
Corporate Authors: United States. Congress. Senate. Committee on Governmental Affairs. Subcommittee on Government Efficiency, Federalism, and the District of Columbia, ProQuest (Firm)
Format: Government Document eBook
Language:English
Published: Washington : U.S. G.P.O., 1988.
Series:U.S. Congressional Hearings.
Subjects:
Online Access:Connect to the full text of this electronic book

MARC

Tag First Indicator Second Indicator Subfields
LEADER 00000cam a22000001a 4500
001 in00003222012
005 20190404184328.0
006 m d f
007 cr bn mmmapmmp
008 091020s1988 dcu o f000 0 eng d
035 |a cis2007454309 
040 |a UMI  |c UMI  |d UtOrBLW 
043 |a n-us--- 
074 |a 1037-B, 1037-C (microfiche) 
086 0 |a Y 4.G 74/9:S.hrg.100-488 
099 |a HRG-1987-SGA-0034 
110 1 |a United States.  |b Congress.  |b Senate.  |b Committee on Governmental Affairs.  |b Subcommittee on Government Efficiency, Federalism, and the District of Columbia. 
245 1 0 |a Reauthorization of the National Historical Publications and Records Commission :  |b hearing before the Subcommittee on Government Efficiency, Federalism, and the District of Columbia of the Committee on Governmental Affairs, United States Senate, One Hundredth Congress, first session on S. 1856 ... December 15, 1987. 
264 1 |a Washington :  |b U.S. G.P.O.,  |c 1988. 
300 |a 1 online resource. 
336 |a text  |b txt  |2 rdacontent 
337 |a computer  |b c  |2 rdamedia 
338 |a online resource  |b cr  |2 rdacarrier 
490 1 |a S. hrg. ;  |v 100-488 
500 |a Record is based on bibliographic data in ProQuest Congressional Hearings Digital Collection. Reuse except for individual research requires license from ProQuest, LLC. 
538 |a System requirements: PDF reader software. 
500 |a Electronic resource. 
610 1 0 |a United States.  |b National Historical Publications and Records Commission  |x Appropriations and expenditures. 
655 7 |a Electronic books.  |2 local 
710 2 |a ProQuest (Firm) 
776 0 8 |i Print version:  |a United States. Congress. Senate. Committee on Governmental Affairs. Subcommittee on Government Efficiency, Federalism, and the District of Columbia.  |t Reauthorization of the National Historical Publications and Records Commission  |w (OCoLC)17697094  |w gp 88010139 
776 0 8 |i Microfiche version:  |a United States. Congress. Senate. Committee on Governmental Affairs. Subcommittee on Government Efficiency, Federalism, and the District of Columbia.  |t Reauthorization of the National Historical Publications and Records Commission.  |d [Bethesda, Md.] : ProQuest,[2004]  |o CIS 88 S401-27  |w (ProQuest)cis08802489 
810 1 |a United States.  |b Congress.  |b Senate.  |t S. hrg. ;  |v 100-488. 
830 0 |a U.S. Congressional Hearings. 
856 4 0 |u http://proxy.library.tamu.edu/login?url=http://congressional.proquest.com/congcomp/getdoc?HEARING-ID=HRG-1987-SGA-0034  |z Connect to the full text of this electronic book  |t 0 
998 |a cis08802489 
999 |a MARS 
999 f f |s f7e30284-dcc5-3936-996e-35a40f972edf  |i d7cab20c-0228-3af9-92c7-3d51e43e05d4  |t 0 
952 f f |a Texas A&M University  |b College Station  |c Electronic Resources  |d Available Online  |t 0  |e HRG-1987-SGA-0034  |h Other scheme 
998 f f |a HRG-1987-SGA-0034  |t 0  |l Available Online